[Event "TCh-CHN 2012"]
[Site "Hangzhou CHN"]
[Date "2012.10.06"]
[Round "15"]
[White "Ding, Yixin"]
[Black "Zhao, Xue"]
[Result "1/2-1/2"]
[WhiteTitle "WGM"]
[BlackTitle "GM"]
[WhiteElo "2350"]
[BlackElo "2543"]
[WhiteTeam "Zhejiang Yinzhou Team"]
[BlackTeam "Beijing AIGO Team"]
[WhiteFideId "8602972"]
[BlackFideId "8601283"]
[EventDate "2012.04.28"]

1. Nf3 Nf6 2. g3 b5 3. Bg2 d5 4. d4 e6 5. O-O c5 6. c3 Nbd7 7. a4 b4 8. a5 Ba6
9. Bf4 Rc8 10. cxb4 cxb4 11. Qa4 Bxe2 12. Re1 Bxf3 13. Bxf3 Ne4 14. Nd2 Nxd2 15.
Bxd2 Be7 16. Bxb4 Rc4 17. Bxe7 Qxe7 18. Qb5 O-O 19. Qxd5 Rb4 20. Qc6 Qf6 21.
Qxd7 Qxf3 22. Re3 Qa8 23. Rc1 Rd8 24. Qc6 Rxb2 25. Qxa8 Rxa8 26. Rc7 Rd2 27. Rb3
g5 28. Rbb7 Rf8 29. Rd7 a6 30. Ra7 Rd3 31. h3 h5 32. Rxa6 Rc8 33. Raa7 Rf3 34.
Rac7 Rxc7 35. Rxc7 Ra3 36. Rc5 f6 37. d5 exd5 38. Rxd5 Kf7 39. Kg2 Kg6 40. g4
Ra4 41. gxh5+ Kxh5 42. Rd6 Rxa5 43. Rxf6 g4 44. Rf8 gxh3+ 45. Kxh3 1/2-1/2

[Event "TCh-CHN 2012"]
[Site "Hangzhou CHN"]
[Date "2012.10.06"]
[Round "15"]
[White "Wang, Xiaohui"]
[Black "Wang, Jue"]
[Result "0-1"]
[WhiteTitle "WIM"]
[WhiteElo "2209"]
[BlackElo "2366"]
[WhiteTeam "Zhejiang Yinzhou Team"]
[BlackTeam "Beijing AIGO Team"]
[WhiteFideId "8603073"]
[BlackFideId "8604070"]
[EventDate "2012.04.28"]

1. d4 Nf6 2. c4 g6 3. Nc3 Bg7 4. Nf3 O-O 5. e3 d6 6. Be2 b6 7. O-O Nbd7 8. b3
Bb7 9. Qc2 Re8 10. Bb2 e5 11. d5 Rc8 12. e4 c6 13. dxc6 Bxc6 14. Rfe1 b5 15.
cxb5 Bxe4 16. Qd1 Ba8 17. Qxd6 Bf8 18. Qd1 e4 19. Nd4 Ne5 20. Nc6 Nxc6 21. bxc6
Rxc6 22. Qxd8 Rxd8 23. Red1 Rb8 24. Rab1 e3 25. f3 Nh5 26. Bc4 Nf4 27. Ne4 Bg7
28. Bxg7 Kxg7 29. Rbc1 f5 30. Rd7+ Kh6 31. Nc3 Rxc4 32. bxc4 Rb2 33. Kh1 Rxg2
34. Nd5 Rd2 35. Re7 Nd3 36. Rf1 e2 37. Rg1 e1=Q 38. Rgxe1 Nxe1 39. Rxe1 Bxd5 40.
cxd5 Rxd5 41. Re2 Kg5 42. Kg2 Kf4 43. Rc2 Rd4 44. Rb2 Ra4 45. Rc2 Ke3 46. Rc3+
Kd4 47. Rc2 Kd3 48. Rb2 Ke3 49. Rb3+ Kf4 50. a3 g5 51. Rc3 h5 52. h3 a5 53. Kf2
Rd4 54. Rc5 Rd2+ 55. Ke1 Rd3 56. h4 Rxa3 57. hxg5 Kxg5 58. Kf2 a4 0-1

[Event "TCh-CHN 2012"]
[Site "Hangzhou CHN"]
[Date "2012.10.07"]
[Round "16"]
[White "Munguntuul, Batkhuyag"]
[Black "Gong, Qianyun"]
[Result "1-0"]
[WhiteTitle "IM"]
[BlackTitle "WIM"]
[WhiteElo "2451"]
[BlackElo "2302"]
[WhiteTeam "Guangdong Huateng Club Team"]
[BlackTeam "Qingdao School Team"]
[WhiteFideId "4900758"]
[BlackFideId "8602425"]
[EventDate "2012.04.28"]

1. e4 e6 2. d4 d5 3. Nc3 Nc6 4. Nf3 Nf6 5. exd5 exd5 6. Bb5 a6 7. Bxc6+ bxc6 8.
O-O Be7 9. Ne5 Bb7 10. Bg5 O-O 11. Na4 Ne4 12. Bxe7 Qxe7 13. Re1 Qh4 14. f3 Nd6
15. c3 Rfe8 16. Qb3 f6 17. Nd3 Bc8 18. Rxe8+ Nxe8 19. Nac5 Nd6 20. Re1 Bf5 21.
Re2 a5 22. Qd1 Rb8 23. Re7 Bxd3 24. Nxd3 Nf5 25. Rxc7 Re8 26. Rxc6 Qh6 27. f4
Qg6 28. Qf3 Ne3 29. f5 Qg5 30. Re6 Rxe6 31. fxe6 Nc4 32. h4 Qe3+ 33. Qxe3 Nxe3
34. Kf2 Nc4 35. Nf4 Nb6 36. h5 Kf8 37. Ke2 Ke7 38. Kd3 g5 39. hxg6 hxg6 40.
Nxg6+ Kxe6 41. b3 Kd6 42. c4 Nd7 43. Nf4 dxc4+ 44. bxc4 f5 45. c5+ Kc7 1-0

[Event "TCh-CHN 2012"]
[Site "Hangzhou CHN"]
[Date "2012.10.07"]
[Round "16"]
[White "Kuang, Yinghui"]
[Black "Pham, Le Thao Nguyen"]
[Result "0-1"]
[WhiteTitle "WIM"]
[BlackTitle "WGM"]
[WhiteElo "2205"]
[BlackElo "2351"]
[WhiteTeam "Guangdong Huateng Club Team"]
[BlackTeam "Qingdao School Team"]
[WhiteFideId "8600988"]
[BlackFideId "12401226"]
[EventDate "2012.04.28"]

1. e4 e5 2. Nf3 Nf6 3. Nc3 Nc6 4. Bc4 Nxe4 5. Nxe4 d5 6. Bd3 f5 7. Ng3 e4 8. Bb5
exf3 9. Qxf3 Be7 10. Nxf5 O-O 11. Nxe7+ Nxe7 12. Qa3 Nf5 13. O-O Nd4 14. Qd3 c5
15. Ba4 Bf5 16. Qe3 Bxc2 17. b3 b5 18. Ba3 Re8 0-1

[Event "TCh-CHN 2012"]
[Site "Hangzhou CHN"]
[Date "2012.10.07"]
[Round "16"]
[White "Ma, Zhonghan"]
[Black "Liu, Chang"]
[Result "1/2-1/2"]
[WhiteElo "2369"]
[BlackElo "2262"]
[WhiteTeam "Qingdao School Team"]
[BlackTeam "Guangdong Huateng Club Team"]
[WhiteFideId "8607206"]
[BlackFideId "8606340"]
[EventDate "2012.04.28"]

1. d4 Nf6 2. c4 g6 3. Nc3 Bg7 4. Nf3 O-O 5. g3 d6 6. Bg2 c6 7. O-O Qb6 8. h3
Nbd7 9. e4 e5 10. Rb1 a5 11. Be3 exd4 12. Bxd4 Qc7 13. Re1 Re8 14. Rc1 b6 15.
Be3 Bb7 16. Bf4 Ne5 17. Nxe5 dxe5 18. Be3 Bf8 19. Qb3 Nd7 20. Na4 Bc5 21. Nxc5
Nxc5 22. Qa3 Ne6 23. c5 b5 24. Red1 b4 25. Qb3 Rad8 26. a3 Ba6 27. axb4 Rb8 28.
Qa3 Be2 29. Rd2 axb4 30. Qa4 Bb5 31. Qxb4 Red8 32. Rd6 Bf1 33. Rxd8+ Qxd8 34.
Qc3 Bxg2 35. Kxg2 f6 36. Qc4 Kf7 37. Rc2 Qc7 38. b4 Ke7 39. Rd2 Rd8 40. Ra2 Qb7
41. Ra6 Nc7 42. Rb6 Qa8 43. Qe2 Nb5 44. h4 h5 45. Kh2 Nc3 46. Qc4 Nb5 47. Qb3
Rd7 48. Qb2 Ra7 49. Qe2 Ra2 50. Qf3 Qc8 51. Qd1 Ra7 52. Qd3 Ra3 53. Qd1 Ra7 54.
Qf1 Nc3 55. Qd3 Nb5 56. Rxb5 cxb5 57. Qxb5 Ra6 58. Qc4 Qe6 59. Qd3 Ra1 60. b5
Qd7 61. Qd5 Qxb5 62. Qd6+ Kf7 63. Qc7+ Kg8 64. Qd8+ Kf7 65. Qc7+ Kg8 66. Qd8+
Kf7 67. Qc7+ Kg8 68. Bh6 Rh1+ 1/2-1/2

[Event "TCh-CHN 2012"]
[Site "Hangzhou CHN"]
[Date "2012.10.07"]
[Round "16"]
[White "Nguyen, Ngoc Truong Son"]
[Black "Li, Shilong"]
[Result "1/2-1/2"]
[WhiteTitle "GM"]
[BlackTitle "GM"]
[WhiteElo "2662"]
[BlackElo "2549"]
[WhiteTeam "Qingdao School Team"]
[BlackTeam "Guangdong Huateng Club Team"]
[WhiteFideId "12401110"]
[BlackFideId "8600678"]
[EventDate "2012.04.28"]

1. c4 Nf6 2. Nc3 g6 3. e4 d6 4. d4 Bg7 5. f4 O-O 6. Nf3 c5 7. d5 e6 8. Be2 exd5
9. cxd5 Bg4 10. O-O Nbd7 11. h3 Bxf3 12. Bxf3 Re8 13. Qc2 a6 14. a4 c4 15. Be3
Rc8 16. Qf2 Qa5 17. Rae1 Nc5 18. Bxc5 Qxc5 19. Qxc5 Rxc5 20. e5 dxe5 21. fxe5
Nd7 22. e6 fxe6 23. Rxe6 Rcc8 24. Rxe8+ Rxe8 25. d6 Bd4+ 26. Kh1 Nc5 27. Bd5+
Kg7 28. Bxc4 Rd8 29. b4 Nd7 30. Rf7+ Kh6 31. Ne4 Ne5 32. Rc7 Bb6 33. Be6 Rxd6
34. Rxh7+ Kxh7 35. Nxd6 Nd3 36. Nxb7 Nxb4 37. Bc4 Kg7 38. g3 Kf6 39. Kg2 Ke7 40.
a5 Ba7 41. Be2 Kd7 42. h4 Kc7 43. Bf3 Nd3 44. Be2 Nb4 45. Bf3 Nd3 46. Be2 Nb4
47. Bf3 Nd3 1/2-1/2

[Event "TCh-CHN 2012"]
[Site "Hangzhou CHN"]
[Date "2012.10.07"]
[Round "16"]
[White "Gao, Rui"]
[Black "Xiu, Deshun"]
[Result "0-1"]
[WhiteTitle "IM"]
[BlackTitle "GM"]
[WhiteElo "2417"]
[BlackElo "2492"]
[WhiteTeam "Chongqing Team"]
[BlackTeam "Beijing AIGO Team"]
[WhiteFideId "8602387"]
[BlackFideId "8603693"]
[EventDate "2012.04.28"]

1. e4 c5 2. Nf3 d6 3. d4 cxd4 4. Nxd4 Nf6 5. Nc3 Nc6 6. Bc4 Bd7 7. Bb3 g6 8. f3
Nxd4 9. Qxd4 Bg7 10. Be3 O-O 11. Qd2 b5 12. Bd4 a5 13. a4 bxa4 14. Nxa4 Be6 15.
Bxe6 fxe6 16. O-O Qc7 17. b3 Nd7 18. Rac1 Bxd4+ 19. Qxd4 Qa7 20. Qxa7 Rxa7 21.
Kf2 Rc8 22. Ke3 Rac7 23. Kd2 Kf7 24. c3 Rb7 25. Rb1 Rcb8 26. Kc2 Ne5 27. h3 Nc6
28. Rb2 Rb5 29. Rbb1 Kg7 30. Rfd1 R5b7 31. Rb2 Na7 32. e5 Nc8 33. c4 Rc7 34. Nc3
Rc5 35. f4 d5 36. Na4 Rc7 37. Kb1 Nb6 38. Nxb6 Rxb6 39. cxd5 Rd7 40. d6 exd6 41.
Rxd6 Rdxd6 42. exd6 Rxd6 43. Re2 Kf6 44. Kc2 Rd5 45. Kc3 Kf5 46. g3 Kf6 47. Kc4
Rh5 48. Rh2 h6 49. g4 Rd5 50. Rf2 Rd8 51. Ra2 Rd5 52. Rf2 Ke7 53. Rf3 Kd6 54.
Re3 Rc5+ 55. Kd4 Rb5 56. Ke4 Rb4+ 57. Kf3 g5 58. fxg5 hxg5 59. Ke2 Kd5 60. Rd3+
Rd4 61. Rc3 e5 62. Ke3 e4 63. Ke2 Rb4 64. Ke3 Rb5 65. Ke2 Kd6 66. Rc4 Kd5 67.
Ra4 Ke5 68. Ra1 Rc5 69. Rf1 Kd4 70. Kd1 Rd5 71. Kd2 Rb5 72. Rf8 Rxb3 73. Rd8+
Ke5 74. Ra8 Ra3 75. Rf8 a4 76. Rf5+ Kd4 77. Rxg5 e3+ 78. Kd1 Ra1+ 79. Ke2 a3 80.
Rg8 a2 81. Rd8+ Ke4 82. Re8+ Kf4 83. Rf8+ Kg3 84. Ra8 Rh1 85. Kxe3 a1=Q 86. Rxa1
Rxa1 87. Ke4 Ra5 0-1

[Event "TCh-CHN 2012"]
[Site "Hangzhou CHN"]
[Date "2012.10.07"]
[Round "16"]
[White "Wang, Chen"]
[Black "Yu, Yangyi"]
[Result "0-1"]
[WhiteTitle "IM"]
[BlackTitle "GM"]
[WhiteElo "2490"]
[BlackElo "2615"]
[WhiteTeam "Chongqing Team"]
[BlackTeam "Beijing AIGO Team"]
[WhiteFideId "8601020"]
[BlackFideId "8603820"]
[EventDate "2012.04.28"]

1. e4 c5 2. Nf3 e6 3. c3 d5 4. exd5 Qxd5 5. d4 Nf6 6. c4 Qd8 7. Nc3 cxd4 8. Qxd4
Bd7 9. Be2 Nc6 10. Qd1 Bb4 11. Qc2 O-O 12. O-O e5 13. Rd1 Bxc3 14. Qxc3 Qc7 15.
h3 Rfe8 16. Be3 a5 17. b3 Bf5 18. a3 Qe7 19. Qb2 Rad8 20. Rxd8 Rxd8 21. Bb6 Re8
22. Rd1 h6 23. Be3 Be4 24. Nd2 Bg6 25. Nf3 Nd7 26. Bd2 Nc5 27. b4 axb4 28. axb4
Ne6 29. b5 Ncd4 30. Be3 Qf6 31. c5 Bc2 32. Rd2 Nxe2+ 33. Rxe2 Bd1 34. Rd2 Bxf3
35. gxf3 Qxf3 36. Qxe5 Qxh3 37. c6 bxc6 38. b6 Kh7 39. f3 Qxf3 40. Rf2 Qg4+ 41.
Rg2 Qd1+ 42. Kh2 Qd5 43. Bf4 Qc4 44. Qf5+ Kg8 45. Be5 Qh4+ 46. Kg1 Qb4 47. Rb2
Qc5+ 48. Kg2 Nd4 0-1

[Event "TCh-CHN 2012"]
[Site "Hangzhou CHN"]
[Date "2012.10.07"]
[Round "16"]
[White "Lu, Shanglei"]
[Black "Harikrishna, P."]
[Result "1/2-1/2"]
[WhiteTitle "GM"]
[BlackTitle "GM"]
[WhiteElo "2514"]
[BlackElo "2678"]
[WhiteTeam "Zhejiang Yinzhou Team"]
[BlackTeam "Chengdu Bank Team"]
[WhiteFideId "8603332"]
[BlackFideId "5007003"]
[EventDate "2012.04.28"]

1. e4 e5 2. Nc3 Nf6 3. g3 d5 4. exd5 Nxd5 5. Bg2 Nxc3 6. bxc3 Nc6 7. Nf3 Bc5 8.
O-O O-O 9. Re1 Qf6 10. d3 h6 11. Be3 Bb6 12. Nd2 Re8 13. Rb1 Bf5 14. c4 Rad8 15.
Ne4 Qg6 16. Bxb6 axb6 17. c5 bxc5 18. Rxb7 Nd4 19. Nd2 c4 20. Nxc4 e4 21. Ne3
exd3 22. cxd3 Bxd3 23. Rxc7 Be4 24. Rc4 Nf3+ 25. Bxf3 Rxd1 26. Nxd1 Bc6 27.
Rxe8+ Bxe8 28. Rc8 Qe6 29. Ra8 Kh7 30. Ne3 Bd7 31. Ra7 Be8 32. h4 Qb6 33. Rb7
Qa5 34. Bd5 Qa4 35. h5 Bc6 36. Bb3 Qd4 37. Bc2+ Be4 38. Bxe4+ Qxe4 39. Rxf7 Qb1+
40. Kg2 Qxa2 41. Rf5 Qe6 42. g4 Qe4+ 43. Kg3 Qd3 44. Kh2 Qe4 45. Kh3 Qd3 46. Kh2 1/2-1/2

[Event "TCh-CHN 2012"]
[Site "Hangzhou CHN"]
[Date "2012.10.07"]
[Round "16"]
[White "Ren, Xiaoyi"]
[Black "Ding, Yixin"]
[Result "1/2-1/2"]
[BlackTitle "WGM"]
[WhiteElo "2202"]
[BlackElo "2350"]
[WhiteTeam "Chengdu Bank Team"]
[BlackTeam "Zhejiang Yinzhou Team"]
[WhiteFideId "8608709"]
[BlackFideId "8602972"]
[EventDate "2012.04.28"]

1. d4 Nf6 2. c4 g6 3. Nc3 Bg7 4. Nf3 d5 5. cxd5 Nxd5 6. e4 Nxc3 7. bxc3 c5 8.
Bb5+ Nc6 9. O-O O-O 10. Bxc6 bxc6 11. Ba3 cxd4 12. cxd4 Bg4 13. Rc1 Qd7 14. Bc5
Rfd8 15. e5 Bf8 16. h3 Be6 17. Qe2 Bd5 18. Rfd1 Rdb8 19. Rc3 Rb7 20. Ra3 Rab8
21. Qe3 Rc7 22. Qf4 Rb2 23. Rd2 Rb1+ 24. Kh2 Rcb7 25. h4 h5 26. Re2 Qg4 27. Qxg4
hxg4 28. Ng5 a6 29. Kg3 Rg1 30. f3 gxf3 31. Nxf3 Rgb1 32. Rf2 R1b2 33. Rxb2 Rxb2
34. Rxa6 Rxa2 35. Rb6 Ra8 36. Rb7 Re8 1/2-1/2

[Event "TCh-CHN 2012"]
[Site "Hangzhou CHN"]
[Date "2012.10.07"]
[Round "16"]
[White "Zhao, Zong-Yuan"]
[Black "Zhou, Jianchao"]
[Result "0-1"]
[WhiteTitle "GM"]
[BlackTitle "GM"]
[WhiteElo "2556"]
[BlackElo "2625"]
[WhiteTeam "Hebei Sports Lottery Team"]
[BlackTeam "Shanghai Jianqiao Academy Team"]
[WhiteFideId "3202534"]
[BlackFideId "8603537"]
[EventDate "2012.04.28"]

1. c4 c5 2. Nc3 Nc6 3. Nf3 g6 4. e3 Nf6 5. d4 cxd4 6. exd4 d5 7. cxd5 Nxd5 8.
Qb3 e6 9. Bg5 f6 10. Bd2 Kf7 11. Bd3 Qb6 12. Qc4 Ncb4 13. Be4 Bd7 14. O-O Nxc3
15. bxc3 Bb5 16. Qb3 Bxf1 17. Rxf1 Nd5 18. Bxd5 exd5 19. Qxd5+ Kg7 20. Qd7+ Kg8
21. Qd5+ Kg7 22. Qe4 Qc6 23. d5 Re8 24. Qd3 Qd7 25. Be3 b6 26. c4 Bc5 27. Nd4
Rhf8 28. Qd2 g5 29. h4 h6 30. Rd1 Bxd4 31. Qxd4 Qf5 32. hxg5 hxg5 33. a4 Rh8 34.
a5 Rh4 35. Qd3 Qxd3 36. Rxd3 Rxc4 37. axb6 axb6 38. Bxb6 Re1+ 39. Kh2 Rcc1 40.
Bd8 Kg6 41. Rb3 Rc8 42. Ba5 Re5 43. Rb5 Rc4 44. Bb6 Kf5 45. Bd8 Rc8 46. Ba5 Ke4
47. f3+ Kd4 48. Rb6 Rxd5 49. Bb4 f5 50. Kg3 f4+ 51. Kg4 Rc2 52. g3 Rg2 53. Be1
Re5 54. Kh3 Ree2 55. gxf4 Rh2+ 56. Kg4 Rxe1 57. fxg5 Rg2+ 58. Kf4 Re8 59. Rf6
Kd5 60. Rf7 Ke6 61. Rg7 Ra8 62. Rg6+ Kf7 63. Rf6+ Kg7 0-1

[Event "TCh-CHN 2012"]
[Site "Hangzhou CHN"]
[Date "2012.10.07"]
[Round "16"]
[White "Wan, Yunguo"]
[Black "Lou, Yiping"]
[Result "1/2-1/2"]
[BlackTitle "IM"]
[WhiteElo "2441"]
[BlackElo "2419"]
[WhiteTeam "Hebei Sports Lottery Team"]
[BlackTeam "Shanghai Jianqiao Academy Team"]
[WhiteFideId "8603189"]
[BlackFideId "8603928"]
[EventDate "2012.04.28"]

1. e4 c6 2. d4 d5 3. Nc3 dxe4 4. Nxe4 Bf5 5. Ng3 Bg6 6. h4 h6 7. Nf3 Nd7 8. h5
Bh7 9. Bd3 Bxd3 10. Qxd3 e6 11. Bf4 Qa5+ 12. Bd2 Bb4 13. c3 Bd6 14. Ne4 Be7 15.
c4 Qa6 16. O-O Ngf6 17. Nxf6+ Nxf6 18. Ne5 Nxh5 19. Rfe1 Nf6 20. Qh3 Rd8 21.
Nxf7 Kxf7 22. Qxe6+ Kg6 23. Qxe7 Qxc4 24. Re3 Kh7 25. Rg3 Nh5 26. Bxh6 Qxd4 27.
Be3 Qxb2 28. Qe4+ Kg8 29. Qe6+ Kh7 30. Qf5+ Kg8 31. Qe6+ Kh7 32. Qf5+ Kg8 33.
Qe6+ 1/2-1/2

[Event "TCh-CHN 2012"]
[Site "Hangzhou CHN"]
[Date "2012.10.07"]
[Round "16"]
[White "Zhang, Xiaowen"]
[Black "Zhai, Mo"]
[Result "1/2-1/2"]
[WhiteTitle "WGM"]
[BlackTitle "WFM"]
[WhiteElo "2354"]
[BlackElo "2262"]
[WhiteTeam "Shanghai Jianqiao Academy Team"]
[BlackTeam "Hebei Sports Lottery Team"]
[WhiteFideId "8603219"]
[BlackFideId "8600201"]
[EventDate "2012.04.28"]

1. e4 c5 2. Nf3 d6 3. d4 cxd4 4. Nxd4 Nf6 5. Nc3 a6 6. Be2 e6 7. O-O Qc7 8. a4
b6 9. f4 Bb7 10. Bf3 Nbd7 11. Kh1 Be7 12. Qe1 O-O 13. Be3 Rac8 14. Bf2 Qb8 15.
Rd1 Qa8 16. Bh4 Rc5 17. Nb3 Rc4 18. e5 Bxf3 19. Rxf3 dxe5 20. Rxd7 Nxd7 21. Bxe7
Re8 22. Bd6 exf4 23. Bxf4 Qc6 24. Be3 Ne5 25. Rf1 Ng6 26. Nd4 Qb7 27. Qe2 Rec8
28. Nf3 h6 29. Qf2 Rb4 30. Nd1 Rxa4 31. Bxb6 Rg4 32. h3 Rgc4 33. c3 Rf4 34. Be3
Rf5 35. Qg3 Rd8 36. Bc1 e5 37. Ne3 Rf6 38. Re1 Rd3 39. Kh2 h5 40. Nxe5 h4 41.
Qg5 Qc7 42. Ng4 Re6 43. Bf4 Nxf4 44. Qxf4 Rd8 45. Rf1 f6 46. Ng6 Qxf4+ 47. Nxf4
Re4 48. Rf3 Rd2 49. b4 Re1 50. Ng6 Rc1 51. Nxh4 Rdc2 52. Rd3 Rxc3 53. Rd8+ Kf7
54. Rd7+ Kg8 55. Ra7 Rc7 56. Rxa6 Rb7 57. Nf5 Rb1 58. Ra8+ 1/2-1/2

[Event "TCh-CHN 2012"]
[Site "Hangzhou CHN"]
[Date "2012.10.08"]
[Round "17"]
[White "Zhou, Weiqi"]
[Black "Nguyen, Ngoc Truong Son"]
[Result "1/2-1/2"]
[WhiteTitle "GM"]
[BlackTitle "GM"]
[WhiteElo "2628"]
[BlackElo "2662"]
[WhiteTeam "Jiangsu Taizhou Team"]
[BlackTeam "Qingdao School Team"]
[WhiteFideId "8601674"]
[BlackFideId "12401110"]
[EventDate "2012.04.28"]

1. d4 d5 2. c4 c6 3. Nc3 dxc4 4. e4 b5 5. a4 b4 6. Nce2 Nf6 7. Ng3 e5 8. Nf3
exd4 9. Bxc4 Bc5 10. e5 Nd5 11. Ne4 Be7 12. Bg5 O-O 13. Bxe7 Qxe7 14. Qxd4 Rd8
15. Rd1 Be6 16. Neg5 Nd7 17. Qe4 Nf8 18. Nxe6 Nxe6 19. O-O Rd7 20. Nd4 Nxd4 21.
Rxd4 Re8 22. Re1 Qc5 23. Bxd5 Rxd5 24. Rxb4 g6 25. Qc4 Qxc4 26. Rxc4 Rdxe5 27.
Rxe5 Rxe5 28. Kf1 c5 29. Rc3 a6 30. Rd3 Re4 31. Rc3 Rxa4 1/2-1/2

[Event "TCh-CHN 2012"]
[Site "Hangzhou CHN"]
[Date "2012.10.08"]
[Round "17"]
[White "Pham, Le Thao Nguyen"]
[Black "Guo, Qi"]
[Result "1/2-1/2"]
[WhiteTitle "WGM"]
[BlackTitle "WGM"]
[WhiteElo "2351"]
[BlackElo "2351"]
[WhiteTeam "Qingdao School Team"]
[BlackTeam "Jiangsu Taizhou Team"]
[WhiteFideId "12401226"]
[BlackFideId "8604002"]
[EventDate "2012.04.28"]

1. d4 d5 2. Bf4 c5 3. e3 Nc6 4. c3 Nf6 5. Nd2 Bf5 6. Qb3 Qc8 7. dxc5 e5 8. Bg5
Be6 9. Bxf6 gxf6 10. Qa3 a5 11. Bb5 Be7 12. Ne2 O-O 13. Qa4 Bxc5 14. O-O Kh8 15.
c4 dxc4 16. Bxc4 Rg8 17. Bxe6 Qxe6 18. Ng3 Ne7 19. Rfd1 f5 20. Qc4 Rac8 21. Qxe6
fxe6 22. Rac1 Bb4 23. Nf3 Rxc1 24. Rxc1 Nc6 25. e4 f4 26. Ne2 Rd8 27. Kf1 Be7
28. g3 fxg3 29. hxg3 Kg7 30. Nc3 Kf6 31. Kg2 Rd3 32. Nb5 Rd7 33. Rh1 Kg6 34. Nc3
Rd3 35. Ne2 Bf6 36. Rc1 Kf7 37. Rc5 Ke7 38. Rb5 Rd7 39. Nc3 Kd6 40. Na4 Rc7 41.
b3 Nb4 42. Nb2 Nxa2 43. Nc4+ Ke7 44. Nxa5 Nc3 45. Rxb7 Rxb7 46. Nxb7 Nxe4 47.
Na5 Kd6 48. Nc4+ Kd5 49. Ne3+ Kd6 50. Kf1 Nc3 51. Nd2 e4 52. Ke1 Kc5 53. Nd1 h5
54. Nxc3 Bxc3 55. Ke2 Kd5 56. Nc4 Bf6 57. Ne3+ Kd4 58. Ng2 Bg5 59. Nh4 Kc3 60.
Ng6 Kxb3 61. Nf8 Bh6 1/2-1/2

[Event "TCh-CHN 2012"]
[Site "Hangzhou CHN"]
[Date "2012.10.08"]
[Round "17"]
[White "Gong, Qianyun"]
[Black "Shen, Yang"]
[Result "0-1"]
[WhiteTitle "WIM"]
[BlackTitle "WGM"]
[WhiteElo "2302"]
[BlackElo "2440"]
[WhiteTeam "Qingdao School Team"]
[BlackTeam "Jiangsu Taizhou Team"]
[WhiteFideId "8602425"]
[BlackFideId "8603162"]
[EventDate "2012.04.28"]

1. e4 e5 2. Nf3 Nc6 3. Bc4 Nf6 4. d3 Bc5 5. c3 a6 6. Bb3 Ba7 7. Nbd2 O-O 8. h3
d5 9. Qe2 b5 10. Nf1 Qd6 11. Bg5 d4 12. c4 Na5 13. N1d2 Nd7 14. g4 Bc5 15. Bh4
Nxb3 16. axb3 Rb8 17. Bg3 Bb4 18. O-O Re8 19. cxb5 axb5 20. Nh4 Qh6 21. Ndf3 g6
22. Kg2 Bd6 23. Rh1 Nc5 24. Rag1 Ra8 25. Kh2 Kf8 26. Nf5 gxf5 27. gxf5 Nd7 28.
Bh4 Be7 29. Rg4 Nf6 30. Bxf6 Qxf6 31. Ng5 Qh6 32. Qd2 Bxg5 33. Rxg5 Ke7 34. Rc1
Kd8 35. Qc2 Ra7 36. Rg4 Bd7 37. Qc5 Rb7 38. Ra1 Rb8 39. Rc1 Qd6 40. Qc2 Rf8 41.
b4 Rb6 42. Qd2 Rc6 43. Ra1 Qh6 44. Qd1 Ke7 45. Qe2 Ra6 46. Rag1 Rfa8 47. Qf3 Ra1
48. Qg3 Qf6 49. Rg2 Rf1 50. Qf3 Raa1 51. Qe2 Qh6 52. Kg3 Rh1 53. h4 Rag1 54. Qc2
Qc1 55. Qxc1 Rxc1 56. f4 Kf6 57. fxe5+ Kxe5 58. Rg7 Kf6 59. Rxh7 Rcd1 60. Rf2
Rxd3+ 61. Kf4 Re3 62. e5+ Rxe5 63. Rxf7+ Kxf7 64. Kxe5 Rxh4 65. Rd2 Bc6 66. f6
Rh5+ 67. Kf4 Rd5 0-1

[Event "TCh-CHN 2012"]
[Site "Hangzhou CHN"]
[Date "2012.10.08"]
[Round "17"]
[White "Liu, Chang"]
[Black "Zhang, Pengxiang"]
[Result "0-1"]
[BlackTitle "GM"]
[WhiteElo "2262"]
[BlackElo "2591"]
[WhiteTeam "Guangdong Huateng Club Team"]
[BlackTeam "Hebei Sports Lottery Team"]
[WhiteFideId "8606340"]
[BlackFideId "8600970"]
[EventDate "2012.04.28"]

1. c4 e5 2. Nc3 Nc6 3. g3 g6 4. Bg2 Bg7 5. d3 d6 6. Nf3 Nd4 7. O-O Ne7 8. Bg5
Ne6 9. Bxe7 Qxe7 10. Rb1 O-O 11. Nd2 h5 12. Nd5 Qd8 13. b4 c6 14. Ne3 a6 15. a4
Bh6 16. Nc2 Qc7 17. Nb3 Bg7 18. Qd2 Bd7 19. Rfc1 Rad8 20. b5 Ra8 21. b6 Qd8 22.
a5 Qf6 23. Re1 h4 24. Rbd1 Ng5 25. d4 hxg3 26. hxg3 e4 27. Qf4 Qe7 28. Kf1 f5
29. c5 d5 30. Qh4 Bf6 31. Qh1 Kg7 32. f4 Rh8 33. Qg1 Nh3 34. Qe3 g5 35. Bxh3
Rxh3 36. Kg2 gxf4 37. Qxf4 Bg5 38. Qd6 f4 39. Qxe7+ Bxe7 40. Rg1 Rxg3+ 41. Kf2
Bh4 42. Rxg3+ Bxg3+ 43. Kg2 Rh8 44. Rh1 f3+ 45. exf3 exf3+ 46. Kxg3 Rxh1 47. Ne3
Rh3+ 48. Kf4 f2 49. Nd2 Kf6 0-1

[Event "TCh-CHN 2012"]
[Site "Hangzhou CHN"]
[Date "2012.10.08"]
[Round "17"]
[White "Zhai, Mo"]
[Black "Kuang, Yinghui"]
[Result "1-0"]
[WhiteTitle "WFM"]
[BlackTitle "WIM"]
[WhiteElo "2262"]
[BlackElo "2205"]
[WhiteTeam "Hebei Sports Lottery Team"]
[BlackTeam "Guangdong Huateng Club Team"]
[WhiteFideId "8600201"]
[BlackFideId "8600988"]
[EventDate "2012.04.28"]

1. e4 Nf6 2. e5 Nd5 3. d4 d6 4. c4 Nb6 5. exd6 exd6 6. Nc3 Be7 7. Bd3 O-O 8.
Nge2 Re8 9. O-O Nc6 10. h3 Bf6 11. Bb1 g6 12. b3 Bg7 13. Be3 Ne7 14. Ng3 c5 15.
Nge2 Nc6 16. Be4 Qe7 17. Qd2 Bd7 18. Rad1 Rad8 19. Qc1 f5 20. Bf3 Rf8 21. dxc5
dxc5 22. Qa3 Nb4 23. Qxa7 f4 24. Bc1 Nc8 25. Qxb7 Nd6 26. Qb6 Nc8 27. Qa5 g5 28.
Ba3 1-0

[Event "TCh-CHN 2012"]
[Site "Hangzhou CHN"]
[Date "2012.10.08"]
[Round "17"]
[White "Wang, Doudou"]
[Black "Munguntuul, Batkhuyag"]
[Result "1/2-1/2"]
[BlackTitle "IM"]
[WhiteElo "2186"]
[BlackElo "2451"]
[WhiteTeam "Hebei Sports Lottery Team"]
[BlackTeam "Guangdong Huateng Club Team"]
[WhiteFideId "8603197"]
[BlackFideId "4900758"]
[EventDate "2012.04.28"]

1. d4 Nf6 2. c4 d6 3. Nc3 Nbd7 4. Nf3 e5 5. g3 Be7 6. Bg2 O-O 7. O-O Rb8 8. b3
a6 9. Bb2 b5 10. cxb5 axb5 11. dxe5 dxe5 12. Qc2 Bb7 13. Rfd1 Bd6 14. Ng5 Bxg2
15. Kxg2 h6 16. Nge4 b4 17. Nd5 Nxe4 18. Qxe4 Nf6 19. Qc4 Nxd5 20. Rxd5 Qe7 21.
e4 Rb6 22. Ra5 Rfb8 23. Rd1 Qe8 24. Rdd5 Rc6 25. Qd3 Ra8 26. Rxa8 Qxa8 27. Bxe5
Qxa2 28. Bxd6 Rxd6 29. Rxd6 cxd6 30. Qc4 Qd2 31. Qc8+ Kh7 32. Qf5+ Kg8 33. Qc8+
Kh7 34. Qf5+ 1/2-1/2